Normal view
MARC view
Entry Personal Name
001 - CONTROL NUMBER
- control field: 33614
003 - CONTROL NUMBER IDENTIFIER
- control field: dpl
005 - DATE AND TIME OF LATEST TRANSACTION
- control field: 20110825095928.0
008 - FIXED-LENGTH DATA ELEMENTS
- fixed length control field: 110825|||a|||||| | ||| d
040 ## - CATALOGING SOURCE
- Original cataloging agency: dpl
- Transcribing agency: dpl
100 ## - HEADING--PERSONAL NAME
- Personal name: Nagappan, Ramu
670 ## - SOURCE DATA FOUND
- Source citation: Work cat.: (dpl)9500: Nagappan, Ramu, Speaking havoc :, 2008
670 ## - SOURCE DATA FOUND
- Source citation: Work cat.: (dpl)9500: Nagappan, Ramu, Speaking havoc :, 2008
